Predmety, kauzalita a vedecký realizmus

Vedecký realizmus a vedecké teórie o existencii predmetov. Chápanie konkrétnych predmetov a konkrétnej formy vedeckého realizmu. Koncepcie vedeckého realizmu. Metafyzika vo vzťahu k predmetom.

Saved in:
Bibliographic Details
Main Author: Schmidt, Martin
Format: Book Chapter
Language:Slovak
Subjects:
Tags: Add Tag
No Tags, Be the first to tag this record!

MARC

LEADER 00000naa a2200000 4500
001 0118524
005 20231121102332.6
041 0 |a slo 
044 |a SK 
245 1 0 |a Predmety, kauzalita a vedecký realizmus  |c Martin Schmidt 
520 |a Vedecký realizmus a vedecké teórie o existencii predmetov. Chápanie konkrétnych predmetov a konkrétnej formy vedeckého realizmu. Koncepcie vedeckého realizmu. Metafyzika vo vzťahu k predmetom. 
610 2 0 |a filozofia 
610 2 0 |a kategórie filozofické 
610 2 0 |a forma 
610 2 0 |a priestor 
610 2 0 |a systémy filozofické 
610 2 0 |a metódy poznania 
100 1 |a Schmidt, Martin